|
|
|
|
| LEADER |
00965nam a2200253 a 4500 |
| 001 |
c000302688 |
| 003 |
CARM |
| 005 |
20061111044150.0 |
| 008 |
880511s1987 0 eng d |
| 019 |
1 |
|
|a 49993492
|5 LACONCORD2021
|
| 020 |
|
|
|a 0049940074
|
| 020 |
|
|
|a 0049940082 (pbk)
|
| 035 |
|
|
|a (OCoLC)809730939
|5 LACONCORD2021
|
| 082 |
0 |
4 |
|a 305.8924094
|
| 100 |
1 |
|
|a Rubinstein, Hilary L.
|
| 245 |
1 |
0 |
|a Chosen :
|b the Jews in Australia /
|c Hilary L. Rubinstein.
|
| 260 |
|
|
|a Sydney :
|b Allen & Unwin,
|c 1987.
|
| 300 |
|
|
|a xxii, 308 p. :
|b ill., facsims., maps, ports. ;
|c 24 cm.
|
| 504 |
|
|
|a Bibliography: p. 294-298.
|
| 505 |
|
|
|a Includes index and lists of tables and illustrations.
|
| 650 |
|
0 |
|a Jews
|z Australia
|x History.
|
| 852 |
8 |
|
|b CARM
|h A3:AE01B0
|i B11488
|p 0542920
|f BK
|
| 999 |
f |
f |
|i c76fb3d5-88af-5c09-9129-4f9246d42c65
|s ec1590fa-0b9a-512d-8640-2a2b4591600b
|
| 952 |
f |
f |
|p Can circulate
|a CAVAL
|b CAVAL
|c CAVAL
|d CARM 1 Store
|e B11488
|f A3:AE01B0
|h Other scheme
|i book
|m 0542920
|